[Event "Rottach Egern Seniors Cup 10th"]
[Site "Rottach Egern"]
[Date "2022.04.03"]
[Round "9"]
[White "Welke, Klaus"]
[Black "Marentini, Marcel"]
[Result "1/2-1/2"]
[WhiteElo "2169"]
[BlackElo "2053"]
[PlyCount "103"]
[EventDate "2022.03.26"]
[EventType "swiss"]
[EventRounds "9"]
[EventCountry "GER"]
[SourceTitle "CBM 207 Extra"]
[Source "ChessBase"]
[SourceDate "2022.05.31"]
[SourceVersion "1"]
[SourceVersionDate "2022.05.31"]
[SourceQuality "1"]

1. d4 f5 2. c4 Nf6 3. Nc3 d6 4. f3 e5 5. d5 g6 6. e4 Bg7 7. Bd3 0-0 8. Be3 a5 9. Qd2 Na6 10. Nge2 Nc5 11. Bc2 Bd7 12. b3 Rf7 13. h3 f4 14. Bf2 Nh5 15. 0-0 Bf6 16. a3 Bh4 17. Qe1 Bxf2+ 18. Qxf2 b6 19. Kh2 g5 20. b4 Nb7 21. Ba4 Bc8 22. Bc6 Nf6 23. Kg1 h5 24. Rfc1 g4 25. hxg4 hxg4 26. Kf1 Rh7 27. Ke1 Rh1+ 28. Ng1 g3 29. Qf1 Qf8 30. Kd2 Qh6 31. Kc2 Qh2 32. Kb3 Kf8 33. Rab1 Rb8 34. Nb5 Qh7 35. Nc3 Nd8 36. Ka2 Nxc6 37. dxc6 Ra8 38. Kb3 Be6 39. Nd5 Qf7 40. Nxf6 Qxf6 41. b5 Ke7 42. Qd3 Rah8 43. Ne2 Rxc1 44. Rxc1 Rh2 45. Rg1 Qh8 46. Qd1 Qg8 47. Qc1 Bh3 48. Qf1 Be6 49. Nc3 Qh7 50. Nd5+ Bxd5 51. cxd5 Qh8 52. a4 1/2-1/2

[Event "Rottach Egern Seniors Cup 10th"]
[Site "Rottach Egern"]
[Date "2022.03.31"]
[Round "6"]
[White "Basener, Winfried"]
[Black "Welke, Klaus"]
[Result "1/2-1/2"]
[WhiteElo "2070"]
[BlackElo "2169"]
[PlyCount "26"]
[EventDate "2022.03.26"]
[EventType "swiss"]
[EventRounds "9"]
[EventCountry "GER"]
[SourceTitle "CBM 207 Extra"]
[Source "ChessBase"]
[SourceDate "2022.05.31"]
[SourceVersion "1"]
[SourceVersionDate "2022.05.31"]
[SourceQuality "1"]

1. e4 d5 2. Nc3 d4 3. Nce2 c5 4. Ng3 e5 5. Nf3 Qd6 6. Bc4 g6 7. h3 Bg7 8. 0-0 Be6 9. Bxe6 Qxe6 10. Ng5 Qe7 11. f4 Nc6 12. f5 Bf6 13. Nf3 0-0-0 1/2-1/2

[Event "GER-chT Betriebe 17th"]
[Site "Berlin"]
[Date "2017.11.02"]
[Round "2.1"]
[White "Blum, Norbert"]
[Black "Welke, Klaus"]
[Result "0-1"]
[WhiteElo "1995"]
[BlackElo "2169"]
[PlyCount "64"]
[EventDate "2017.11.02"]
[EventType "team-swiss"]
[EventRounds "7"]
[EventCountry "GER"]
[SourceTitle "EXT 2020"]
[Source "ChessBase"]
[SourceDate "2019.10.17"]
[SourceVersion "1"]
[SourceVersionDate "2019.10.17"]
[SourceQuality "1"]
[WhiteTeam "Stuttgart Sparkassen-Vers"]
[BlackTeam "Bonn Deutsche Post II"]
[WhiteTeamCountry "GER"]
[BlackTeamCountry "GER"]

1. e4 e6 2. d4 d5 3. Nc3 dxe4 4. Nxe4 Nd7 5. Nf3 Ngf6 6. Nxf6+ Nxf6 7. c3 h6 8. Ne5 c5 9. Bb5+ Bd7 10. Nxd7 Nxd7 11. Qf3 a6 12. Bxd7+ Qxd7 13. Be3 Rc8 14. 0-0-0 c4 15. d5 e5 16. Rhe1 Bd6 17. Bf4 f6 18. Qh5+ Qf7 19. Qg4 Ke7 20. Be3 Rhe8 21. Bb6 Kf8 22. g3 Kg8 23. Qh4 Qd7 24. Re4 Bc5 25. Bxc5 Rxc5 26. Rxc4 Rxd5 27. Rxd5 Qxd5 28. Qe4 Qd7 29. Rc5 Rd8 30. Qc2 b6 31. Rc4 Qd5 32. Re4 Qxa2 0-1

[Event "Bargteheide op"]
[Site "Bargteheide"]
[Date "2007.05.20"]
[Round "7"]
[White "Welke, Klaus"]
[Black "Hebbinghaus, Holger"]
[Result "1/2-1/2"]
[WhiteElo "2130"]
[BlackElo "2288"]
[PlyCount "31"]
[EventDate "2007.05.17"]
[EventType "swiss"]
[EventRounds "7"]
[EventCountry "GER"]
[SourceTitle "EXT 2010"]
[Source "ChessBase"]
[SourceDate "2010.11.25"]
[SourceVersion "1"]
[SourceVersionDate "2010.11.25"]
[SourceQuality "1"]

1. d4 d5 2. c4 Nc6 3. Nc3 Nf6 4. Bf4 Bg4 5. Nf3 e6 6. e3 Bb4 7. Qb3 Bxf3 8. gxf3 dxc4 9. Bxc4 Nd5 10. Bxd5 exd5 11. Rg1 g6 12. Rg5 f5 13. a3 Bxc3+ 14. Qxc3 Qe7 15. b4 Nd8 16. Rg1 1/2-1/2

[Event "Bargteheide op"]
[Site "Bargteheide"]
[Date "2007.05.19"]
[Round "5"]
[White "Welke, Klaus"]
[Black "Schwarzkopf, Christian"]
[Result "1/2-1/2"]
[WhiteElo "2130"]
[BlackElo "2216"]
[PlyCount "64"]
[EventDate "2007.05.17"]
[EventType "swiss"]
[EventRounds "7"]
[EventCountry "GER"]
[SourceTitle "EXT 2010"]
[Source "ChessBase"]
[SourceDate "2010.11.25"]
[SourceVersion "1"]
[SourceVersionDate "2010.11.25"]
[SourceQuality "1"]

1. d4 Nf6 2. c4 Nc6 3. Nc3 e5 4. d5 Ne7 5. e4 Ng6 6. Bd3 Bc5 7. a3 a6 8. g3 d6 9. f3 c6 10. Bd2 0-0 11. Qc1 Rb8 12. h4 cxd5 13. cxd5 Nh5 14. Nge2 Qf6 15. Rf1 h6 16. Be3 Bd4 17. Qd2 b5 18. Na2 Bxe3 19. Qxe3 Qd8 20. Nb4 Bb7 21. Rc1 Rc8 22. Kd2 a5 23. Na2 b4 24. Qa7 Qe7 25. Rxc8 Rxc8 26. axb4 axb4 27. Nxb4 Rc5 28. Rc1 Rxc1 29. Kxc1 Nxg3 30. Nxg3 Qxh4 31. Ne2 Qe1+ 32. Kc2 Qxb4 1/2-1/2